La charca / (Record no. 196785)

MARC details
000 -LEADER
campo de control de longitud fija 01437nam a2200397 i 4500
001 - NÚMERO DE CONTROL
campo de control 196785
003 - IDENTIFICADOR DE NÚMERO DE CONTROL
campo de control SpMaBN
005 - FECHA Y HORA DE LA ÚLTIMA TRANSACCIÓN
campo de control 20250731063051.0
008 - DATOS DE LONGITUD FIJA--INFORMACIÓN GENERAL
campo de control de longitud fija 241124s2024 sp | |||| 000 f spa
015 ## - NÚMERO DE BIBLIOGRAFÍA NACIONAL
Número de bibliografía nacional MON24
017 ## - NÚMERO DE COPYRIGHT O DE DEPÓSITO LEGAL
Número de copyright o de depósito legal M 8124-2024
Agencia que asigna Oficina Depósito Legal Madrid
020 ## - NÚMERO INTERNACIONAL ESTÁNDAR DEL LIBRO
Número Internacional Estándar del Libro 9788410182035
035 ## - NÚMERO DE CONTROL DEL SISTEMA
Número de control de sistema (SpMaBN)a7500286
040 ## - FUENTE DE CATALOGACIÓN
Centro catalogador/agencia de origen SpMaBN
Lengua de catalogación spa
Centro/agencia transcriptor SpMaBN
Normas de descripción rda
080 ## - NÚMERO DE LA CLASIFICACIÓN DECIMAL UNIVERSAL
Número de la Clasificación Decimal Universal 821.134.3-31"20"
100 1# - ENTRADA PRINCIPAL--NOMBRE DE PERSONA
Nombre de persona Bivar, Manuel,
Fechas asociadas al nombre 1985-
9 (RLIN) 239328
Término indicativo de función/relación Autor
240 12 - TÍTULO UNIFORME
Título uniforme A charca
Lenguaje de la obra Español
245 13 - MENCIÓN DEL TÍTULO
Título La charca /
Mención de responsabilidad, etc. Manuel Bivar ; traducción, Elvira Riveiro Tobío.
250 ## - MENCION DE EDICION
Mención de edición Primera edición: mayo 2024
264 #1 - PRODUCCIÓN, PUBLICACIÓN, DISTRIBUCIÓN, FABRICACIÓN Y COPYRIGHT
Producción, publicación, distribución, fabricación y copyright Madrid :
Nombre del de productor, editor, distribuidor, fabricante De Conatus,
Fecha de producción, publicación, distribución, fabricación o copyright [2024].
264 #4 - PRODUCCIÓN, PUBLICACIÓN, DISTRIBUCIÓN, FABRICACIÓN Y COPYRIGHT
Fecha de producción, publicación, distribución, fabricación o copyright ©2021
300 ## - DESCRIPCIÓN FÍSICA
Extensión 98 páginas ;
Dimensiones 21 cm
336 ## - TIPO DE CONTENIDO
Término de tipo de contenido Texto
Fuente rdacontent
337 ## - TIPO DE MEDIO
Nombre/término del tipo de medio sin mediación
Fuente rdamedia
338 ## - TIPO DE SOPORTE
Nombre/término del tipo de soporte volumen
Fuente rdacarrier
490 1# - MENCIÓN DE SERIE
Mención de serie ¿Qué nos contamos hoy? Narrativa
655 #0 - TERMINO DE INDIZACIÓN--GENERO/FORMA
Datos o término principal de género/forma Novelas distópicas
9 (RLIN) 235537
700 1# - ENTRADA AGREGADA--NOMBRE PERSONAL
Nombre de persona Ribeiro Tobío, Elvira,
Fechas asociadas al nombre 1971-
9 (RLIN) 239329
Término indicativo de función/relación Traductor
852 ## - LOCALIZACIÓN
Ubicación ES-MaACL
Ubicación en estantería Depósito J
Número de control de estantería N-10254
Anotaciones manuscritas Dedicatoria autógrafa del autor
Donativo/Legado Donación: Manuel Bivar
Encuadernación Encuadernación rústica con solapas
itemnumber 206380
903 ## - NOMBRE PERSONAL DE DONANTE
9 239328
a Bivar, Manuel,
d 1985-
e Donante
942 ## - ELEMENTOS DE ENTRADA SECUNDARIOS (KOHA)
Tipo de ítem Koha Libro impreso
Suprimir en OPAC No
Holdings
Estatus retirado Estado de pérdida Fuente del sistema de clasificación o colocación Estado de daño No para préstamo Colección Biblioteca de origen Biblioteca actual Ubicación en estantería Fecha de adquisición Fuente de adquisición Total de préstamos Signatura topográfica completa Código de barras Visto por última vez Precio de reemplazo Tipo de ítem Koha
    Clasificación decimal universal     Libros con dedicatorias Biblioteca del Ateneo de Madrid Biblioteca del Ateneo de Madrid Depósito J 29/07/2025 Donación   N-10254 2025-0765 29/07/2025 29/07/2025 Libro impreso